Ceramic precursor technology and its applications /

Bibliographic Details
Main Author: Narula, Chaitanya K., 1955-
Format: Book
Language:English
Published: New York : M. Dekker, [1995]
Subjects:

MARC

Tag First Indicator Second Indicator Subfields
LEADER 00000cam a2200000 a 4500
001 in00001231321
005 20151003073454.0
008 950227s1995 nyua b 001 0 eng
010 |a  95008124  
020 |a 0824793102 (acid-free) 
035 |a (OCoLC)32168478 
035 |9 AGT8654AM 
040 |a DLC  |c DLC  |d TXA  |d UtOrBLW 
049 |a TXAM 
050 0 0 |a TP810.5  |b .N37 1995 
082 0 0 |a 666  |2 20 
100 1 |a Narula, Chaitanya K.,  |d 1955- 
245 1 0 |a Ceramic precursor technology and its applications /  |c Chaitanya K. Narula. 
264 1 |a New York :  |b M. Dekker,  |c [1995] 
264 4 |c ©1995 
300 |a vi, 349 pages :  |b illustrations ;  |c 24 cm. 
336 |a text  |b txt  |2 rdacontent 
337 |a unmediated  |b n  |2 rdamedia 
338 |a volume  |b nc  |2 rdacarrier 
504 |a Includes bibliographical references and index. 
650 0 |a Ceramic materials. 
999 |a MARS 
999 f f |s 191b6448-274d-30d4-995b-ce29d39866ce  |i 9eaf87bc-61c1-301b-a853-8b9ac03cff53  |t 0 
952 f f |p ric  |a Texas A&M University  |b Rellis Campus  |c Joint Library Facility  |d Remote Storage  |t 0  |e TP810.5 .N37 1995  |h Library of Congress classification  |i unmediated -- volume  |m A14819283387 
998 f f |a TP810.5 .N37 1995  |t 0  |l Remote Storage